[Event "CFriend AP-2004-Q-00013 email"]
[Site "Chessfriend.com"]
[Date "2004.06.17"]
[Round "?"]
[White "Imhof, Raul"]
[Black "Buczinski, Henryk"]
[Result "0-1"]
[WhiteElo "1850"]
[BlackElo "2326"]
[PlyCount "76"]
[EventDate "2004.??.??"]
[EventType "tourn (corr)"]
[EventRounds "12"]
[SourceTitle "Corr 2008"]
[Source "ChessBase"]
[SourceDate "2008.06.24"]
[SourceVersion "1"]
[SourceVersionDate "2008.06.24"]
[SourceQuality "1"]

1. e4 e5 2. Nf3 Nc6 3. Bb5 a6 4. Ba4 Nf6 5. 0-0 Be7 6. Re1 b5 7. Bb3 d6 8. c3 0-0 9. d4 Bg4 10. d5 Na5 11. Bc2 c6 12. dxc6 Qc7 13. Be3 Nc4 14. Bc1 Qxc6 15. Nbd2 Rfc8 16. Nxc4 bxc4 17. Qe2 Rab8 18. h3 Be6 19. Ng5 Bd7 20. Kh1 h6 21. Nf3 Be6 22. Bd1 Nd7 23. Kh2 a5 24. Nd2 Bg5 25. g3 Rc7 26. Rb1 Rcb7 27. Qf1 Bxd2 28. Bxd2 Rxb2 29. Rxb2 Rxb2 30. Qe2 Nf6 31. Qe3 Qxe4 32. Qa7 Qd3 33. Be3 Rxa2 34. Bb6 Kh7 35. Qc7 Ne4 36. Kg1 Bxh3 37. Qxf7 Qxg3+ 38. fxg3 Rg2+ 0-1

[Event "CFriend AP-2004-Q-00013 email"]
[Site "Chessfriend.com"]
[Date "2004.06.17"]
[Round "?"]
[White "Imhof, Raul"]
[Black "Cretu, Sorin Alexandru"]
[Result "0-1"]
[WhiteElo "1850"]
[BlackElo "2021"]
[PlyCount "40"]
[EventDate "2004.??.??"]
[EventType "tourn (corr)"]
[EventRounds "12"]
[SourceTitle "Corr 2008"]
[Source "ChessBase"]
[SourceDate "2008.06.24"]
[SourceVersion "1"]
[SourceVersionDate "2008.06.24"]
[SourceQuality "1"]

1. e4 c5 2. Nf3 d6 3. d4 cxd4 4. Nxd4 Nf6 5. Nc3 a6 6. Be2 e6 7. Bg5 Be7 8. 0-0 0-0 9. Qd2 Nbd7 10. Kh1 Qc7 11. f4 b5 12. Rf3 b4 13. Nd1 Nxe4 14. Qd3 Nxg5 15. fxg5 Ne5 16. Qe4 Bb7 17. Qf4 Nxf3 18. Nxf3 Qxc2 19. Nd4 Qg6 20. h4 e5 0-1

[Event "CFriend AP-2004-Q-00013 email"]
[Site "Chessfriend.com"]
[Date "2004.06.17"]
[Round "?"]
[White "Kolus, Wojciech"]
[Black "Imhof, Raul"]
[Result "1/2-1/2"]
[WhiteElo "1850"]
[BlackElo "1850"]
[PlyCount "56"]
[EventDate "2004.??.??"]
[EventType "tourn (corr)"]
[EventRounds "12"]
[SourceTitle "Corr 2008"]
[Source "ChessBase"]
[SourceDate "2008.06.24"]
[SourceVersion "1"]
[SourceVersionDate "2008.06.24"]
[SourceQuality "1"]

1. e4 e5 2. d4 exd4 3. Qxd4 Nc6 4. Qe3 g6 5. Bc4 Bg7 6. Nf3 Nf6 7. 0-0 0-0 8. Nc3 d6 9. Bb3 Bd7 10. Qd3 a6 11. Re1 Na5 12. Bg5 Nxb3 13. axb3 Re8 14. Nd5 Bc6 15. c3 Bxd5 16. exd5 Qd7 17. Bxf6 Bxf6 18. Qc4 Rac8 19. Qb4 c5 20. dxc6 Qxc6 21. Qf4 Bg7 22. Rad1 Qb6 23. b4 Rxe1+ 24. Rxe1 Qc7 25. h4 Qd7 26. h5 Rd8 27. Re2 d5 28. h6 Bh8 1/2-1/2

[Event "CFriend AP-2004-Q-00013 email"]
[Site "Chessfriend.com"]
[Date "2004.06.17"]
[Round "1"]
[White "Walker, Soledad"]
[Black "Imhof, Raul"]
[Result "0-1"]
[WhiteElo "1682"]
[BlackElo "1782"]
[PlyCount "58"]
[EventDate "2004.??.??"]
[EventType "tourn (corr)"]
[EventRounds "12"]
[SourceTitle "Corr 2024"]
[Source "ChessBase"]
[SourceDate "2023.10.19"]
[SourceVersion "1"]
[SourceVersionDate "2023.10.19"]
[SourceQuality "1"]

1. c4 Nf6 2. Nc3 d5 3. e3 e6 4. Nf3 c5 5. d3 Nc6 6. d4 b6 7. Be2 dxc4 8. Bxc4 cxd4 9. Nxd4 Nxd4 10. exd4 Be7 11. 0-0 0-0 12. Be3 Bb7 13. Qd2 Rc8 14. Be2 Bd6 15. Rfd1 Bb4 16. a3 Ne4 17. Qd3 Bxc3 18. bxc3 Rxc3 19. Qb1 Qh4 20. Bf3 Nd6 21. Bxb7 Nxb7 22. Qb2 Rfc8 23. Rdc1 Rxc1+ 24. Rxc1 Qd8 25. h3 Nd6 26. Rxc8 Qxc8 27. Bf4 Nf5 28. Kh2 Qc6 29. Be3 h6 0-1